|
|
|
|
| LEADER |
00000nam a2200000 a 4500 |
| 001 |
UCL9235 |
| 003 |
CL-VaPUC |
| 008 |
040730e19800000us |||||||||||||||||eng|d |
| 020 |
|
|
|a 0486639487
|
| 082 |
0 |
4 |
|a 530.41
|b HAR
|2 21
|
| 100 |
|
|
|a Harrison, Walter A
|e author
|9 544196
|
| 245 |
1 |
0 |
|a Solid state theory
|
| 250 |
|
|
|a 1a. ed
|
| 300 |
|
|
|a 554 p
|
| 942 |
|
|
|c BK
|
| 945 |
|
|
|d 20040730 00:00:00
|a cmena
|
| 260 |
|
|
|a Nueva York
|b Dover
|c 1980
|
| 650 |
|
0 |
|a Física del estado solido
|9 315365
|
| 650 |
|
0 |
|a Estados de la Materia
|9 347141
|
| 583 |
|
|
|a last modification
|c 20150504 05:00:37
|k Rodrigo Vera
|
| 999 |
|
|
|c 310099
|d 310097
|
| 952 |
|
|
|0 0
|1 0
|4 0
|6 530_410000000000000_HAR_1980
|7 0
|8 A
|9 378186
|a BIBCUR
|b BIBCUR
|d 2019-11-21
|i 4042573
|o 530.41 HAR 1980
|p 4042573
|r 2025-04-22
|w 2019-11-21
|y BK
|k FIS
|